000 01116nam a2200277 i 4500
001 bg
100 1 _aGACKA-GRZESIKIEWICZ, Ewa.
245 1 0 _aProgram ochrony dolin rzecznych w Polsce /
_cEwa Gacka-Grzesikiewicz, Zdzisław Cichocki ; przy współpr. Jolanty Wójcik, Aliny Ruszczyckiej-Jakubiak i Joanny Tomaszkiewicz ; Instytut Ochrony Środowiska.
260 _aWarszawa :
_bDział Wydawnictw IOŚ,
_c2001.
300 _a144 s., [10] s. tabl. kolor., [1] k. tabl. złoż. luz. :
_bil., mapa ;
_c24 cm.
504 _aBibliogr.
650 9 _aDoliny
_xochrona
_zPolska
_yod 1989 r.
700 1 _aCICHOCKI, Zdzisław.
700 1 _aWÓJCIK, Jolanta.
700 1 _aRUSZCZYCKA-JAKUBIAK, Alina.
700 1 _aTOMASZKIEWICZ, Joanna.
710 0 _aInstytut Ochrony Środowiska
020 _a8385805702
040 _cBPK
041 0 _apl
080 _a502.6:504.4/.5.054(438)"1989/..."
920 _a83-85805-70-2
942 _cKS
008 s pl f |000 0 pol
999 _c40956
_d40956
856 _uhttp://koha.tu.koszalin.pl/cgi-bin/koha/opac-detail.pl?biblionumber=40956
_yKatalog online BPK